000 00801 a2200217 4500
005 20171025162154.0
008 171025s2017 ck |||||r|||| 00| 0 spa d
020 _a9789587675993
040 _aCO-BoUCM
_bspa
_cSandra Palacio
_dSandra Palacio
041 0 _aspa
245 1 0 _aJusticia y TIC
_bperspectivas, avances y dasafíos
_cRosario Córdoba Garcés ...[y otros]
260 _bLegis
_bCerticámara
_c2017
_aBogotá (Colombia)
300 _a216 páginas
650 1 7 _918195
_aJusticia
_xAdministración
650 2 7 _97494
_aDerecho
650 2 7 _925136
_aTecnología de la información
_xProcesos judiciales
700 1 _aCórdoba Garcés, Rosario
_987976
710 1 _aPontificia Univesidad Javeriana
_987977
942 _cLIBRO
_2DEWEY
_a8
_e1
_h347
_mJ967jt
999 _c307651
_d307651